[Event "EU-ch blitz (Women)"]
[Site "Monaco"]
[Date "2025.01.10"]
[Round "6"]
[White "Kosteniuk, Alexandra"]
[Black "Kanyamarala, Trisha"]
[Result "1-0"]
[WhiteElo "2484"]
[BlackElo "2158"]
[PlyCount "100"]
[EventDate "2025.01.10"]
[EventType "swiss (blitz)"]
[EventRounds "13"]
[EventCountry "MNC"]
[SourceTitle "CB03_2025"]
[SourceDate "2025.01.15"]
[SourceVersion "1"]
[SourceVersionDate "2025.01.15"]
[SourceQuality "1"]

1. e4 c5 2. c3 Nf6 3. e5 Nd5 4. Bc4 Nb6 5. Bb3 d5 6. exd6 Qxd6 7. Nf3 c4 8. Bc2 Nc6 9. Na3 Bg4 10. h3 Bh5 11. Qe2 e6 12. g4 Bg6 13. Bxg6 hxg6 14. Nxc4 Nxc4 15. Qxc4 a6 16. d4 b5 17. Qe2 Qd5 18. a4 b4 19. c4 Qa5 20. b3 0-0-0 21. Bb2 Be7 22. 0-0-0 Rd7 23. Qe4 Qc7 24. Kc2 Rhd8 25. h4 Kb8 26. h5 gxh5 27. Rxh5 g6 28. Rh7 Bf8 29. Rh8 Bg7 30. Rxd8+ Nxd8 31. d5 Bxb2 32. Kxb2 exd5 33. Rxd5 Rxd5 34. Qxd5 Nb7 35. Qe5 Nd6 36. Qd5 Nb7 37. Ne5 Nd8 38. Qxd8+ Qxd8 39. Nc6+ Kc7 40. Nxd8 Kxd8 41. Kc2 a5 42. Kd3 Kc7 43. Kd4 Kd6 44. c5+ Kc6 45. g5 Kd7 46. Kd5 Kc7 47. c6 Kc8 48. Kc5 Kc7 49. Kb5 Kd6 50. Kb6 Kd5 1-0

[Event "Titled Tuesday intern op 07th Jan Early"]
[Site "Chess.com INT"]
[Date "2025.01.07"]
[Round "6"]
[White "Arnold, Rhys"]
[Black "Kanyamarala, Trisha"]
[Result "1/2-1/2"]
[WhiteElo "2300"]
[BlackElo "2158"]
[PlyCount "111"]
[EventDate "2025.01.07"]
[EventType "swiss (blitz)"]
[EventRounds "11"]
[EventCountry "USA"]
[SourceTitle "CB03_2025"]
[SourceDate "2025.01.15"]
[SourceVersion "1"]
[SourceVersionDate "2025.01.15"]
[SourceQuality "1"]

1. e4 c5 2. Nf3 Nc6 3. d4 cxd4 4. Nxd4 e5 5. Nb5 d6 6. Bd3 a6 7. N5c3 Nf6 8. Bg5 Be7 9. Bxf6 Bxf6 10. Nd5 0-0 11. 0-0 b5 12. a4 b4 13. c3 Rb8 14. b3 bxc3 15. Nbxc3 Be6 16. Bxa6 Bg5 17. Bb5 Nd4 18. Bc4 Kh8 19. f4 Bh4 20. f5 Bxd5 21. Nxd5 Bf6 22. Kh1 Nc6 23. Qe1 Qa5 24. Nxf6 Qxe1 25. Rfxe1 gxf6 26. Bd5 Nb4 27. Rab1 Nxd5 28. exd5 Rb4 29. Rec1 Rfb8 30. h3 Rxb3 31. Rxb3 Rxb3 32. Rc6 Ra3 33. Rxd6 Rxa4 34. Rxf6 Kg7 35. Rb6 Rd4 36. d6 Kf6 37. g4 Rd2 38. Kg1 e4 39. Rb4 Ke5 40. Rb8 Rxd6 41. Kf2 Rd2+ 42. Kg3 Rd3+ 43. Kg2 Kf4 44. Rb2 Rc3 45. Ra2 Rg3+ 46. Kh2 e3 47. Ra4+ Kf3 48. Ra2 f6 49. Rb2 Kf4 50. Rb4+ Kf3 51. Rb2 h6 52. Ra2 Kf4 53. Ra4+ Kf3 54. Ra2 Kf4 55. Ra4+ Kf3 56. Ra2 1/2-1/2